Statistics for Monte Carlo Champions

Click here to take the quiz!

General Stats

  • This quiz has been taken 14 times
    (8 since last reset)
  • The average score is 29 of 53

Answer Stats

YearPlayer% Correct
2005
Rafael Nadal
100%
2013Novak Djokovic
100%
2015Novak Djokovic
100%
2012Rafael Nadal
100%
2006Rafael Nadal
100%
2007Rafael Nadal
100%
2018Rafael Nadal
100%
2017Rafael Nadal
100%
2016Rafael Nadal
100%
2008Rafael Nadal
100%
2009Rafael Nadal
100%
2010Rafael Nadal
100%
2011Rafael Nadal
100%
2023Andrey Rublev
88%
2014Stan Wawrinka
88%
2021Stefanos Tsitsipas
88%
2022Stefanos Tsitsipas
88%
2019Fabio Fognini
75%
1980Björn Borg
63%
1979Björn Borg
63%
1977Björn Borg
63%
1985Ivan Lendl
63%
1988Ivan Lendl
63%
2003Juan Carlos Ferrero
63%
2002Juan Carlos Ferrero
63%
1998Carlos Moyá
50%
2004Guillermo Coria
50%
1999Gustavo Kuerten
50%
2001Gustavo Kuerten
50%
1996Thomas Muster
50%
1992Thomas Muster
50%
1995Thomas Muster
50%
1971Ilie Năstase
38%
1972Ilie Năstase
38%
1973Ilie Năstase
38%
1993Sergi Bruguera
38%
1991Sergi Bruguera
38%
1969Tom Okker
38%
1990Andrei Tschesnokow
25%
1982Guillermo Vilas
25%
1976Guillermo Vilas
25%
1997Marcelo Ríos
25%
1987Mats Wilander
25%
1983Mats Wilander
25%
2000Cédric Pioline
13%
1989Alberto Mancini
0%
1974Andrew Pattison
0%
1994Andrij Medwedjew
0%
1984Henrik Sundström
0%
1986Joakim Nyström
0%
1975Manuel Orantes
0%
1978Raúl Ramírez
0%
1970Željko Franulović
0%

Score Distribution

Percentile by Number Answered

Percent of People with Each Score

Your Score History

You have not taken this quiz since the last reset